MyGZULibrary

Nursing health assessment: (Record no. 11248)

MARC details
000 -LEADER
fixed length control field 01352cam a2200373 i 4500
001 - CONTROL NUMBER
control field 18231227
003 - CONTROL NUMBER IDENTIFIER
control field GZU
005 - DATE AND TIME OF LATEST TRANSACTION
control field 20240408101323.0
008 - FIXED-LENGTH DATA ELEMENTS--GENERAL INFORMATION
fixed length control field 140716s2015 pauac b 001 0 eng
010 ## - LIBRARY OF CONGRESS CONTROL NUMBER
LC control number 2014028217
020 ## - INTERNATIONAL STANDARD BOOK NUMBER
International Standard Book Number 9780781780629
022 ## - INTERNATIONAL STANDARD SERIAL NUMBER
International Standard Serial Number No number
035 ## - SYSTEM CONTROL NUMBER
System control number (DNLM)101636905
040 ## - CATALOGING SOURCE
Original cataloging agency DNLM/DLC
Transcribing agency DLC
Description conventions rda
Modifying agency DLC
042 ## - AUTHENTICATION CODE
Authentication code pcc
050 00 - LIBRARY OF CONGRESS CALL NUMBER
Classification number RT48
Item number JEN 2011
060 10 - NATIONAL LIBRARY OF MEDICINE CALL NUMBER
Classification number WY 100.4
100 1# - MAIN ENTRY--PERSONAL NAME
Personal name Jensen, Sharon,
Dates associated with a name 1955- ,
Relator term author.
245 10 - TITLE STATEMENT
Title Nursing health assessment:
Remainder of title a best practice approach/
Statement of responsibility, etc. Sharon Jensen, MN, RN, Instructor, School of Nursing & Dental Hygiene, University of Hawaii at Manoa, Honolulu, Hawaii.
264 #1 - PRODUCTION, PUBLICATION, DISTRIBUTION, MANUFACTURE, AND COPYRIGHT NOTICE
Place of production, publication, distribution, manufacture Philadelphia:
Name of producer, publisher, distributor, manufacturer Wolters Kluwer Health,
Date of production, publication, distribution, manufacture, or copyright notice [2011]
300 ## - PHYSICAL DESCRIPTION
Extent xxx, 967 pages:
Other physical details illustrations, portraits;
Dimensions 29 cm
336 ## - CONTENT TYPE
Content type term text
Source rdacontent
337 ## - MEDIA TYPE
Media type term unmediated
Source rdamedia
338 ## - CARRIER TYPE
Carrier type term volume
Source rdacarrier
504 ## - BIBLIOGRAPHY, ETC. NOTE
Bibliography, etc. note Includes bibliographical references and index.
505 ## - FORMATTED CONTENTS NOTE
Statement of responsibility Sharon Jensen
520 ## - SUMMARY, ETC.
Summary, etc. Emphasize the importance of health assessment
650 12 - SUBJECT ADDED ENTRY--TOPICAL TERM
Topical term or geographic name entry element Nursing Assessment
General subdivision methods
Form subdivision Case Reports.
650 22 - SUBJECT ADDED ENTRY--TOPICAL TERM
Topical term or geographic name entry element Medical History Taking
General subdivision methods
Form subdivision Case Reports.
650 22 - SUBJECT ADDED ENTRY--TOPICAL TERM
Topical term or geographic name entry element Physical Examination
General subdivision methods
Form subdivision Case Reports.
906 ## - LOCAL DATA ELEMENT F, LDF (RLIN)
a 7
b cbc
c orignew
d 1
e ecip
f 20
g y-gencatlg
942 ## - ADDED ENTRY ELEMENTS (KOHA)
Source of classification or shelving scheme Library of Congress Classification
Koha item type Books
Classification part 48
Item part JEN
Call number prefix RT
Holdings
Withdrawn status Lost status Source of classification or shelving scheme Damaged status Not for loan Home library Current library Shelving location Date acquired Source of acquisition Total Checkouts Full call number Barcode Date last seen Copy number Price effective from Koha item type
    Library of Congress Classification     Medical Library Medical Library General Stacks 04/08/2024 Donation   RT48JEN2011 033249 04/08/2024 c.1 04/08/2024 Books